| 000 | 00678nam a2200181 a 4500 | ||
|---|---|---|---|
| 001 | 000029621 | ||
| 005 | 20200930055701.0 | ||
| 008 | 110419s1988 dr 000 0 spa d | ||
| 040 |
_aDO-SdBNP _bspa _cBNPHU |
||
| 100 | 1 |
_aLugo Guernelli, Adelaida _956438 |
|
| 245 | 1 | 0 |
_aHostos y la literatura / _cAdelaida Lugo Guernelli. |
| 260 |
_aSanto Domingo : _bComité del Sesquicentenario de Eugenio María de Hostos, _c1988. |
||
| 300 |
_a19 p. ; _c23 cm. |
||
| 490 | 1 |
_aCuadernos hostisianos _v2 _aconferencias y ensayos _n1 |
|
| 500 | _aComité del Sesquicentenario de Eugenio María de Hostos | ||
| 830 | 0 | 0 |
_aCuadernos hostisianos _v2 _pconferencias y ensayos _n1 _956439 |
| 049 | _aBNPD | ||
| 999 |
_c29113 _d29113 |
||